Piková dáma : opera o 3 dějstvích a 7 obrazech /

Hlavní autor: Čajkovskij, Modest Ilj‘ič, 1850-1916
Další autoři: Puškin, Aleksandr Sergejevič, 1799-1837
Jazyk: Čeština
Vydáno: Praha : Al. Hynek, [1940]
Fyzický popis: 47 s.
Knihy
Uloženo v:
LEADER 00811nam a22002172a 4500
001 000343696
003 CZ BrMZK
005 20091103154020.0
007 ta
008 980105s1940 xr f cze d
040 |a BOA001  |b cze 
041 1 |a cze  |h rus 
100 1 |a Čajkovskij, Modest Ilj‘ič,  |d 1850-1916  |7 js20020925161  |4 aut 
245 1 0 |a Piková dáma :  |b opera o 3 dějstvích a 7 obrazech /  |c dle Puškina od Modesta Ilj'iče Čajkovského ; z ruštiny přeložil V.J. Novotný ; hudba od P. Čajkovského 
260 |a Praha :  |b Al. Hynek,  |c [1940] 
300 |a 47 s. 
700 1 |a Puškin, Aleksandr Sergejevič,  |d 1799-1837  |7 jn19990210513  |4 aut 
910 |a BOA001  |b 1-0496.636 
990 |a BK 
991 |b 200907 
996 6 |b 2619809832  |c 1-0496.636  |l MZK  |r Sklad / do 1 hodiny  |n 3  |w 000343696  |u 000010  |a 1  |e BOA001  |j MZK50  |s P